000 00957cam a22002054a 4500
005 20250605164208.0
008 250528s ||||||||||||||||||||||||d
035 _a20139
020 _a395140153
040 _aGR-AtMCL
_bgre
_dGR-AtMCL
_eAACR2
245 1 _aIntroductory Statistical Analysis
260 _bHoughton Mifflin Company,
_c1974
300 _a512
520 _aIntroduction, The Nature of Statistics, Descriptive Statistics, Organization of Data, Measures of Location, Measures of Variability, Organization of Multivariate Data, Propability, Basic Ideas of Probability, Sampling Distributions, Statistical Inference, Using a Sample to Estimate Population Characteristics, Answering Questions about Population Characteristics, Differences Between Two Populations, Appendices, Answers to Selected Exercises, Index.
700 1 _aAnderson T. W.
_96188
700 1 _aSclove Stanley L
_96189
942 _cBK
999 _c5278
_d5278